Statistics for Updated Top 5 Cities in Tennessee by Population

Click here to take the quiz!

General Stats

  • This quiz has been taken 22 times
  • The average score is 4 of 5

Answer Stats

CountyCity% Correct
ShelbyMemphis
100%
DavidsonNashville
95%
KnoxKnoxville
84%
HamiltonChattanooga
68%
MontgomeryClarksville
32%

Score Distribution

Percentile by Number Answered

Percent of People with Each Score

Your Score History

You have not taken this quiz